| 000 | 01535nam a2200373 a 4500 | ||
|---|---|---|---|
| 001 | 4934536 | ||
| 003 | OSt | ||
| 005 | 20230619110413.0 | ||
| 008 | 940512s1993 nyua b i100 0 eng d | ||
| 010 | _a 95173912 | ||
| 020 | _a9211123305 | ||
| 035 | _a(OCoLC)30584427 | ||
| 040 |
_aRPB _cRPB _dIU _dCU _dWaPS _dDLC |
||
| 042 | _alccopycat | ||
| 082 |
_a004 _bUN |
||
| 245 | 0 | 0 |
_aInformation technology and international competitiveness : _bthe case of the construction services industry. |
| 260 |
_aNew York : _bUnited Nations, _c1993. |
||
| 300 |
_axvii, 182 p. : _bill. ; _c21 cm. |
||
| 500 | _aAt head of title: United Nations Conference on Trade and Development. | ||
| 500 | _a"UNCTAD/ITD/TEC/6." | ||
| 500 | _a"United Nations publication sales no. E.93.II.D.6"--T.p. verso. | ||
| 504 | _aIncludes bibliographical references. | ||
| 650 | 0 |
_aConstruction industry _xCommunication systems _xCongresses. |
|
| 650 | 0 |
_aConstruction industry _xAutomation _xCongresses. |
|
| 650 | 0 |
_aConstruction industry _xData processing _xCongresses. |
|
| 650 | 0 |
_aConstruction industry _xInformation services _xCongresses. |
|
| 650 | 0 |
_aInformation storage and retrieval systems _xBuilding _xCongresses. |
|
| 650 | 0 |
_aInformation technology _xEconomic aspects _xCongresses. |
|
| 650 | 0 |
_aCompetition, International _xCongresses. |
|
| 710 | 2 | _aUnited Nations Conference on Trade and Development. | |
| 906 |
_a7 _bcbc _ccopycat _d3 _encip _f19 _gy-gencatlg |
||
| 942 |
_2ddc _cBK |
||
| 999 |
_c1232 _d1232 |
||